Advanced engineering mathematics / (Record no. 28244)

MARC details
000 -LEADER
fixed length control field 01184nac a22003011i 4500
003 - CONTROL NUMBER IDENTIFIER
control field EG-ScBUE
005 - DATE AND TIME OF LATEST TRANSACTION
control field 20240903102640.0
008 - FIXED-LENGTH DATA ELEMENTS--GENERAL INFORMATION
fixed length control field 090226t2006 njua f b 001 0 eng d
020 ## - INTERNATIONAL STANDARD BOOK NUMBER
International Standard Book Number 9780471728979
040 ## - CATALOGING SOURCE
Original cataloging agency EG-ScBUE
Language of cataloging eng
Description conventions rda
Transcribing agency EG-ScBUE
Modifying agency EG-ScBUE
082 04 - DEWEY DECIMAL CLASSIFICATION NUMBER
Classification number 510.2462
Item number KRE
Edition number 22
100 1# - MAIN ENTRY--PERSONAL NAME
Personal name Kreyszig, Erwin,
Relator term author.
9 (RLIN) 12964
245 10 - TITLE STATEMENT
Title Advanced engineering mathematics /
Statement of responsibility, etc Erwin Kreyszig, professor of mathematics, Ohio State University, Columbus, Ohio.
250 ## - EDITION STATEMENT
Edition statement Ninth edition.
264 #1 - PUBLICATION, DISTRIBUTION, ETC. (IMPRINT)
Place of publication, distribution, etc New York :
Name of publisher, distributor, etc John Wiley & Sons, Inc.,
Date of publication, distribution, etc [2006]
264 #4 - PUBLICATION, DISTRIBUTION, ETC. (IMPRINT)
Date of publication, distribution, etc c2006
300 ## - PHYSICAL DESCRIPTION
Extent 1 volume (various pagings) :
Other physical details illustrations ;
Dimensions 27 cm
336 ## - CONTENT TYPE
Source rdacontent
Content type term text
Content type code txt
337 ## - MEDIA TYPE
Source rdamedia
Media type term unmediated
Media type code n
338 ## - CARRIER TYPE
Source rdacarrier
Carrier type term volume
Carrier type code nc
504 ## - BIBLIOGRAPHY, ETC. NOTE
Bibliography, etc Includes bibliographical references and index.
650 #7 - SUBJECT ADDED ENTRY--TOPICAL TERM
Topical term or geographic name as entry element Engineering mathematics.
Source of heading or term BUEsh
9 (RLIN) 12965
650 #7 - SUBJECT ADDED ENTRY--TOPICAL TERM
Topical term or geographic name as entry element Mathematical physics.
Source of heading or term BUEsh
9 (RLIN) 12966
655 ## - INDEX TERM--GENRE/FORM
Form subdivision Reading book
856 42 - ELECTRONIC LOCATION AND ACCESS
Materials specified Publisher description
Uniform Resource Identifier <a href="http://www.loc.gov/catdir/description/wiley033/98037591.html">http://www.loc.gov/catdir/description/wiley033/98037591.html</a>
856 42 - ELECTRONIC LOCATION AND ACCESS
Materials specified Table of Contents
Uniform Resource Identifier <a href="http://www.loc.gov/catdir/toc/onix04/98037591.html">http://www.loc.gov/catdir/toc/onix04/98037591.html</a>
942 ## - ADDED ENTRY ELEMENTS (KOHA)
Koha item type Book - Borrowing
Source of classification or shelving scheme Dewey Decimal Classification
Holdings
Withdrawn status Lost status Source of classification or shelving scheme Damaged status Not for loan Collection code Home library Current library Shelving location Date acquired Source of acquisition Cost, normal purchase price Total Checkouts Full call number Barcode Date last seen Cost, replacement price Price effective from Koha item type Total Renewals Date checked out
    Dewey Decimal Classification     Baccah Central Library Central Library First floor 08/03/2009 Purchase 220.00   510.2462 KRE 000015379 15/07/2025 275.00 08/03/2009 NB - Book (Non borrowing)    
    Dewey Decimal Classification     Baccah Central Library Central Library First floor 22/03/2010 Purchase 220.00 4 510.2462 KRE 000020308 24/08/2022 275.00   Book - Borrowing 30 03/04/2019
    Dewey Decimal Classification     Baccah Central Library Central Library First floor 22/03/2010 Purchase 220.00 1 510.2462 KRE 000020309 15/07/2025 275.00 22/03/2010 Book - Borrowing 11 12/03/2016
    Dewey Decimal Classification     Baccah Central Library Central Library First floor 28/03/2010 Purchase 220.00 5 510.2462 KRE 000020493 15/07/2025 275.00 28/03/2010 Book - Borrowing 15 08/03/2020
    Dewey Decimal Classification     Baccah Central Library Central Library First floor 28/03/2010 Purchase 220.00   510.2462 KRE 000020494 15/07/2025 275.00 28/03/2010 Book - Borrowing    
    Dewey Decimal Classification     Baccah Central Library Central Library First floor 28/03/2010 Purchase 220.00 5 510.2462 KRE 000020495 15/07/2025 275.00 28/03/2010 Book - Borrowing 49 11/02/2020
    Dewey Decimal Classification     Baccah Central Library Central Library First floor 28/03/2010 Purchase 220.00 5 510.2462 KRE 000020496 15/07/2025 275.00 28/03/2010 Book - Borrowing 54 26/02/2020
    Dewey Decimal Classification     Baccah Central Library Central Library First floor 28/03/2010 Purchase 220.00 8 510.2462 KRE 000020497 15/07/2025 275.00 28/03/2010 Book - Borrowing 21 10/03/2019
    Dewey Decimal Classification     Baccah Central Library Central Library First floor 28/03/2010 Purchase 220.00 2 510.2462 KRE 000020498 15/07/2025 275.00 28/03/2010 Book - Borrowing 26 20/02/2020
    Dewey Decimal Classification     Baccah Central Library Central Library First floor 28/03/2010 Purchase 220.00 7 510.2462 KRE 000020499 15/07/2025 275.00 28/03/2010 Book - Borrowing 16 16/03/2022
    Dewey Decimal Classification     Baccah Central Library Central Library First floor 07/03/2020 Purchase     510.2462 KRE 000048796 15/07/2025   07/03/2020 Book - Borrowing